00297nam a2200109Ia 4500008004100000041000800041100002200049245003600071260003500107300000800142700003700150250110s9999 xx 000 0 und d aeng aMadkaiker Krutika aCentre For Folk Performing Arts bFinal Year B. Arch, BNCAc2014 a90p aGuide Name:Sahastrabuddhe Chetan